<?xml version="1.0" encoding="UTF-8"?>
<record
    xmlns:xsi="http://www.w3.org/2001/XMLSchema-instance"
    xsi:schemaLocation="http://www.loc.gov/MARC21/slim http://www.loc.gov/standards/marcxml/schema/MARC21slim.xsd"
    xmlns="http://www.loc.gov/MARC21/slim">

  <leader>00740nam a22002055i 4500</leader>
  <controlfield tag="001">11546955</controlfield>
  <controlfield tag="003">OSt</controlfield>
  <controlfield tag="005">20240530110620.0</controlfield>
  <controlfield tag="008">150304s2014    ua a     b    001 0 eng  </controlfield>
  <datafield tag="020" ind1=" " ind2=" ">
    <subfield code="a">9789774166587</subfield>
  </datafield>
  <datafield tag="040" ind1=" " ind2=" ">
    <subfield code="c">EG-CaGPL</subfield>
  </datafield>
  <datafield tag="082" ind1="0" ind2="4">
    <subfield code="2">21</subfield>
    <subfield code="a">303.4\</subfield>
    <subfield code="b">K A</subfield>
  </datafield>
  <datafield tag="100" ind1="1" ind2=" ">
    <subfield code="a">Korany, Bahgat.</subfield>
  </datafield>
  <datafield tag="245" ind1="1" ind2="0">
    <subfield code="a">Arab human development in the twenty-first century :</subfield>
    <subfield code="b">the primacy of empowerment /</subfield>
    <subfield code="c">edited by Bahgat Korany.</subfield>
  </datafield>
  <datafield tag="260" ind1=" " ind2=" ">
    <subfield code="a">Cairo :</subfield>
    <subfield code="b">American University in Cairo Press,</subfield>
    <subfield code="c">2014.</subfield>
  </datafield>
  <datafield tag="300" ind1=" " ind2=" ">
    <subfield code="a">xxi, 394 p. :</subfield>
    <subfield code="b">ill. ;</subfield>
    <subfield code="c">24 cm.</subfield>
  </datafield>
  <datafield tag="504" ind1=" " ind2=" ">
    <subfield code="a">Includes bibliographical references (p. 353-378) and index.</subfield>
  </datafield>
  <datafield tag="520" ind1=" " ind2=" ">
    <subfield code="a">Human capital; Arab countries; social change; social and economic conditions; 21st century.</subfield>
  </datafield>
  <datafield tag="942" ind1=" " ind2=" ">
    <subfield code="2">ddc</subfield>
    <subfield code="c">BK</subfield>
  </datafield>
  <datafield tag="999" ind1=" " ind2=" ">
    <subfield code="c">63032</subfield>
    <subfield code="d">63032</subfield>
  </datafield>
  <datafield tag="952" ind1=" " ind2=" ">
    <subfield code="0">0</subfield>
    <subfield code="1">0</subfield>
    <subfield code="2">ddc</subfield>
    <subfield code="4">0</subfield>
    <subfield code="7">0</subfield>
    <subfield code="a">CAI</subfield>
    <subfield code="b">CAI</subfield>
    <subfield code="c">MAIN-LIBRARY</subfield>
    <subfield code="d">2016-12-18</subfield>
    <subfield code="l">0</subfield>
    <subfield code="o">303.4\ K A</subfield>
    <subfield code="p">162978</subfield>
    <subfield code="r">2016-12-18 00:00:00</subfield>
    <subfield code="w">2016-12-18</subfield>
    <subfield code="y">BK</subfield>
  </datafield>
  <datafield tag="952" ind1=" " ind2=" ">
    <subfield code="0">0</subfield>
    <subfield code="1">0</subfield>
    <subfield code="2">ddc</subfield>
    <subfield code="4">0</subfield>
    <subfield code="7">0</subfield>
    <subfield code="a">CAI</subfield>
    <subfield code="b">CAI</subfield>
    <subfield code="d">2022-03-12</subfield>
    <subfield code="l">0</subfield>
    <subfield code="o">303.4\ K A</subfield>
    <subfield code="p">167601</subfield>
    <subfield code="r">2022-03-12 00:00:00</subfield>
    <subfield code="w">2022-03-12</subfield>
    <subfield code="y">BK</subfield>
  </datafield>
</record>
